Gerencia pb︢lica para el desarrollo regional

Detalles Bibliográficos
Autor principal: Cern̤ Hurtado, Miguel ℓngel
Formato: eBook
Lenguaje:español
Publicado: Bogot:̀ Ediciones de la U, 2021
Materias:
Acceso en línea:Acceso restringido

MARC

LEADER 00000nam a22000007a 4500
005 2021090903073.0
007 cr|||| ||||
008 210909s2021 co |||||s|||| 00||0 spa d
020 |a 978-958-792-249-3 
035 |a 35038 
040 |a vLex 
090 |c 12362  |d 12362 
100 1 |a Cern̤ Hurtado, Miguel ℓngel 
245 1 0 |a Gerencia pb︢lica para el desarrollo regional  |h [Recurso electrn̤ico] /  |c Miguel ℓngel Cern̤ Hurtado 
256 |a Servicio en ln̕ea 
260 |a Bogot:̀  |b Ediciones de la U,  |c 2021 
300 |a 1 recurso electrn̤ico 
500 |a Este trabajo, elaborado de forma comprimida para agilizar la lectura, comienza exponiendo algunos conceptos sobre distintos temas relacionados con el objetivo central, orientado a la identificacin̤ de procesos relacionados con la gerencia pb︢lica aplicada al desarrollo endg̤eno, como son los temas de regin̤ y territorio, la gerencia en condiciones de mercado y el tema de lo pb︢lico, para terminar haciendo unas reflexiones en torno a la gestin̤ pb︢lica territorial y algunos comentarios sobre la aplicacin̤ de los conceptos ordenados mediante el modelo de desarrollo integral que haba̕ recomendado el DNP en 2012. La poblacin̤ objetivo a la que se dirige el presente libro es a los estudiantes de pregrado del programa de Administracin̤ Pb︢lica, con el props̤ito de generar una reflexin̤ y, si es el caso, abrir un debate que conduzca al mejoramiento de la documentacin̤ ter̤ica disponible; pero, lg̤icamente, tambiň puede ser de utilidad para el pb︢lico en general y para los servidores pb︢licos del orden territorial que quieran hacer reflexiones sobre la Administracin̤ Pb︢lica, ms̀ cuando en Colombia este aspecto de la organizacin̤ del Estado es motivo de muchas crt̕icas. Esta es una postura ms̀, entre las muchas existentes, que tiene validez sobre la base de que en los temas de las ciencias sociales siempre se presentan dos o ms̀ enfoques, todos respetables aunque no se compartan. 
506 1 |a Disponible solo en los productos indicados  |d vLex Global  |d vLex Global (Academic Edition, excluding Law Schools)  |d vLex Global (U.S. Academic Edition, Law Schools)  |d vLex Global (U.S. Academic Edition, excluding Law Schools)  |d vLex Global (Academic Edition, Law Schools) 
650 0 4 |a Derecho Pb︢lico y Administrativo  |z Colombia 
650 0 4 |a Administracin̤ pb︢lica  |z Colombia 
740 0 |a vLex Libros (Servicio en ln̕ea) 
856 4 0 |u https://app.vlex.com/#/sources/35038  |z Acceso restringido 
942 |c BOOK 
999 0 |a Public and Administrative Law 
999 0 |a Public administration